The Impact of E-commerce on Consumer Behavior in the Fashion Industry and Its Broader Implications for Retail Transformation

Bibliográfiai részletek
Szerző: Latypova Nigina
További közreműködők: Kóris Dr. Rita
Dokumentumtípus: TDK dolgozat
Kulcsszavak:Consumer behavior
consumption
Digital Trust
e-commerce
Online Purchasing Decisions
Online Access:http://dolgozattar.uni-bge.hu/60440

MARC

LEADER 00000nta a2200000 i 4500
001 dolg60440
005 20260416073711.0
008 260416suuuu hu o 000 eng d
040 |a BGE Dolgozattár Repozitórium  |b hun 
041 |a en 
100 1 |a Latypova Nigina 
245 1 4 |a The Impact of E-commerce on Consumer Behavior in the Fashion Industry and Its Broader Implications for Retail Transformation  |c Latypova Nigina  |h [elektronikus dokumentum] 
516 |a Students_Scientific_Association_paper 
520 3 |a The fashion industry no longer lives on the high street — it lives in the algorithm. From TikTok trends to next-day delivery, digital platforms have transformed the way people discover, desire, and buy fashion. This research explores how e-commerce is reshaping consumer behavior and redefining the very structure of fashion retail. The study examines the key forces behind this transformation — price, convenience, trust and social media influence — and investigates how they shape online fashion shopping decisions. Using a quantitative online survey distributed among consumers aged 18–45 across Central and Eastern Europe, the research applies the Theory of Planned Behavior and Technology Acceptance Model to connect psychological drivers with digital shopping habits. Although the analysis is still underway, early trends suggest that online fashion behavior is driven more by speed, affordability, and social influence than by ethical or environmental concerns. The research aims to provide a deeper understanding of how digital-first consumers think and act — and how fashion retailers can respond to a generation that values personalization, instant gratification, and authenticity over tradition. 
695 |a Consumer behavior 
695 |a consumption 
695 |a Digital Trust 
695 |a e-commerce 
695 |a Online Purchasing Decisions 
700 1 |a Kóris Dr. Rita  |e ths 
856 4 0 |u http://dolgozattar.uni-bge.hu/60440/1/Nigina%20Latypova_TDK_2025.pdf  |z Dokumentum-elérés 
856 4 0 |u http://dolgozattar.uni-bge.hu/60440/2/Nigina%20Latypova_resume_TDK_2025.docx  |z Dokumentum-elérés 
856 4 0 |u http://dolgozattar.uni-bge.hu/60440/3/TDK_evaluation_.pdf  |z Dokumentum-elérés 
856 4 0 |u http://dolgozattar.uni-bge.hu/60440/4/Latypova%20Nigina.pdf  |z Dokumentum-elérés